000 01084nam0a22002651 4500
001 rc\3805692
005 20250530055510.0
021 _aRU
_b[76-29777]
035 _a(NLR Aleph) 007257736
090 _a5274046
_c5274046
100 _a20120311d1975 |||y0rusy50 ca
101 0 _arus
102 _aRU
105 _aa z |||||
200 1 _aВведение в теорию графов
_eУчеб.-метод. пособие для студентов экон. фак. гос. ун-тов
_fА.А. Любкин
_gНауч.-метод. кабинет по заоч. и вечер. обучению Моск. гос. ун-та им. М.В. Ломоносова
210 _aМосква
_cИзд-во Моск. ун-та
_d1975
215 _a136 с.
_cчерт.
_d21
320 _aСписок лит.: с. 135 (7 назв.)
606 _aГрафов теория (мат.)
_2psbo
700 1 _aЛюбкин
_bА.А.
_f1939-
_gАлександр Анатольевич
801 0 _aRU
_bNLR
_gpsbo
801 1 _aRU
_bELAR
_2rusmarc
852 _aNLR
_j76-5/3261
942 _cBOOK
980 _aNB